[Event "Sparkassen-Open B"]
[Site "Heusenstamm, Martinsee"]
[Date "2021.11.21"]
[Round "7.28"]
[White "Jumah, Shayan"]
[Black "Schwegler, Jelena"]
[Result "0-1"]
[WhiteElo "1264"]
[BlackElo "1484"]
[PlyCount "108"]
[EventDate "2021.??.??"]
[WhiteTeam "SG Trier"]
[BlackTeam "SK Bad Homburg"]

1. d4 Nf6 2. Nf3 g6 3. Bf4 Bg7 4. e3 O-O 5. c3 b6 6. Bd3 Bb7 7. Nbd2 c5 8. Qe2
Nc6 9. O-O Nh5 10. Bg5 h6 11. Bh4 g5 12. Bg3 f5 13. Bc4+ Kh8 14. Nxg5 Nxg3 15.
fxg3 Qe8 16. Nh3 e5 17. dxe5 Nxe5 18. Nf4 Rd8 19. Qh5 Qxh5 20. Nxh5 Ng4 21.
Nxg7 Kxg7 22. Rfe1 Rde8 23. Nf1 Re4 24. Bb3 Rfe8 25. Rad1 Bc6 26. Bc2 R4e5 27.
h3 Nf6 28. Kh2 Nd5 29. a3 Kf6 30. c4 Nc7 31. Rd6+ R8e6 32. Red1 Ne8 33. Rxe6+
dxe6 34. Kg1 Ke7 35. Kf2 Nd6 36. b3 Ne4+ 37. Bxe4 Bxe4 38. Nd2 h5 39. Nxe4 fxe4
40. h4 Rf5+ 41. Ke2 Rf8 42. Rf1 Rxf1 43. Kxf1 Kf6 44. Kg1 Kf5 45. Kh2 Kg4 46.
b4 a6 47. Kh1 Kxg3 48. Kg1 Kxh4 49. Kf2 Kg4 50. g3 Kh3 51. a4 a5 52. bxc5 bxc5
53. g4 hxg4 54. Kf1 Kh2 0-1

[Event "Sparkassen-Open B"]
[Site "Heusenstamm, Martinsee"]
[Date "2021.11.21"]
[Round "7.29"]
[White "Hott, Arthur"]
[Black "Koholka, Jan"]
[Result "0-1"]
[WhiteElo "1239"]
[BlackElo "1533"]
[PlyCount "86"]
[EventDate "2021.??.??"]
[WhiteTeam "SC Bad Soden"]
[BlackTeam "SK Langen"]

1. d4 d5 2. Nc3 Nf6 3. Bg5 e6 4. e4 dxe4 5. Nxe4 Be7 6. Nxf6+ Bxf6 7. Bxf6 Qxf6
8. Nf3 b6 9. Bd3 Bb7 10. c3 O-O 11. O-O Nd7 12. Qe2 Bxf3 13. Qxf3 Qxf3 14. gxf3
Nf6 15. Be4 Rac8 16. c4 c5 17. d5 exd5 18. Bxd5 Nxd5 19. cxd5 Rfd8 20. Rad1 Rd6
21. Rfe1 Kf8 22. Kf1 Rcd8 23. Re5 g6 24. Ke2 f6 25. Re3 Rxd5 26. Rxd5 Rxd5 27.
Ra3 Rd7 28. Re3 Kf7 29. b3 Re7 30. Rxe7+ Kxe7 31. Kd3 Kd6 32. Kc4 a6 33. a4 Kc6
34. f4 f5 35. h3 b5+ 36. Kc3 Kd5 37. Kd3 c4+ 38. bxc4+ bxc4+ 39. Kc3 Kc5 40. a5
Kb5 41. Kd4 Kb4 42. Kd5 c3 43. Kc6 Kxa5 0-1

[Event "Sparkassen-Open B"]
[Site "Heusenstamm, Martinsee"]
[Date "2021.11.21"]
[Round "7.31"]
[White "Mandalka, Justus"]
[Black "Gräf, Kilian Gabriel"]
[Result "1/2-1/2"]
[WhiteElo "1366"]
[BlackElo "1434"]
[PlyCount "83"]
[EventDate "2021.??.??"]
[WhiteTeam "SK Bad Homburg"]
[BlackTeam "SV Frankfurt Nord"]

1. e4 d6 2. d4 Nf6 3. Nc3 g6 4. Bf4 Bg7 5. Bc4 c6 6. Bb3 O-O 7. Nge2 Nbd7 8.
Qd2 c5 9. d5 Nb6 10. a4 a5 11. f3 Bd7 12. Qd3 Rc8 13. Bc4 Qe8 14. b3 Na8 15. g4
Nc7 16. h4 h5 17. gxh5 Nxh5 18. O-O-O Nxf4 19. Nxf4 Bh6 20. Nce2 b5 21. axb5
Bxb5 22. h5 Bxc4 23. Qxc4 Qb5 24. Qxb5 Nxb5 25. Kb2 Bg7+ 26. Kc1 Nd4 27. Nxd4
Bxd4 28. Kd2 g5 29. Nh3 Be5 30. Rdg1 Kh7 31. Rxg5 c4 32. f4 Bf6 33. Rg3 cxb3
34. Rxb3 Rc4 35. Nf2 Rfc8 36. Rh2 Rxc2+ 37. Ke3 R8c3+ 38. Rxc3 Rxc3+ 39. Nd3 a4
40. Ra2 a3 41. Kd2 Bd4 42. Ke2 1/2-1/2

[Event "Sparkassen-Open B"]
[Site "Heusenstamm, Martinsee"]
[Date "2021.11.21"]
[Round "7.32"]
[White "Burlutskaia, Maria"]
[Black "Spelleken, Mark"]
[Result "0-1"]
[WhiteElo "1415"]
[BlackElo "1434"]
[PlyCount "74"]
[EventDate "2021.??.??"]
[WhiteTeam "TTC Grün-Weiß Fritzdorf"]
[BlackTeam "SC Kahl"]

1. e4 e5 2. Nf3 Nc6 3. d4 exd4 4. c3 dxc3 5. Bc4 Bc5 6. Bxf7+ Kxf7 7. Qd5+ Kf8
8. Qxc5+ Qe7 9. Qxe7+ Ngxe7 10. Nxc3 a6 11. Be3 d6 12. O-O Bg4 13. Nd4 Nxd4 14.
Bxd4 Nc6 15. Be3 Be6 16. a3 Ke8 17. f4 g6 18. Rae1 Kd7 19. h3 h5 20. f5 gxf5
21. exf5 Bb3 22. Ne2 Bc4 23. Rf4 Bd5 24. Nd4 Ne5 25. Rd1 Rag8 26. Rf2 Be4 27.
Rdf1 c5 28. Nb3 Nd3 29. Re2 Bd5 30. Na1 Ne5 31. b3 Nf3+ 32. Rxf3 Bxf3 33. Rd2
Kc6 34. b4 b6 35. Nc2 Be4 36. f6 Rg6 37. f7 Rf8 0-1

[Event "Sparkassen-Open B"]
[Site "Heusenstamm, Martinsee"]
[Date "2021.11.21"]
[Round "7.34"]
[White "Homfeldt, Maren"]
[Black "Grebe, Sabrina"]
[Result "1/2-1/2"]
[WhiteElo "1144"]
[BlackElo "1049"]
[PlyCount "33"]
[EventDate "2021.??.??"]
[WhiteTeam "SC Noris-Tarrasch Nürnberg"]
[BlackTeam "SC Heusenstamm"]

1. e4 c5 2. Nc3 Nc6 3. Bc4 e5 4. Qf3 Nf6 5. Nh3 Nd4 6. Qd3 d6 7. f4 Bxh3 8.
Bb5+ Bd7 9. Bxd7+ Qxd7 10. fxe5 dxe5 11. b3 O-O-O 12. Ba3 Qg4 13. O-O Nxb3 14.
Qb5 Nxa1 15. Bxc5 Bxc5+ 16. Qxc5+ Kb8 17. Nb5 1/2-1/2

[Event "Sparkassen-Open B"]
[Site "Heusenstamm, Martinsee"]
[Date "2021.11.21"]
[Round "7.35"]
[White "Reinhold, Günther"]
[Black "de Boer, Alex"]
[Result "1-0"]
[WhiteElo "1716"]
[BlackElo "1213"]
[PlyCount "85"]
[EventDate "2021.??.??"]
[WhiteTeam "Frankfurter TV"]
[BlackTeam "SK Bickenbach"]

1. e4 c6 2. d4 d5 3. Nc3 dxe4 4. Nxe4 Bf5 5. Ng3 g6 6. Nxf5 gxf5 7. Nf3 e6 8.
Bf4 Nd7 9. Bd3 Bg7 10. c3 Ne7 11. Ng5 h6 12. Nf3 Nd5 13. Bd6 N7f6 14. Be5 Rg8
15. Qe2 Qa5 16. O-O Nh5 17. Bxf5 Ndf4 18. Qe4 Bxe5 19. Nxe5 exf5 20. Qxf5 Rxg2+
21. Kh1 Qd5 22. f3 Rg5 23. Qh7 f6 24. Nxc6 bxc6 25. Rae1+ Kd8 26. Qe7+ Kc8 27.
Qe8+ Qd8 28. Qxc6+ Kb8 29. Re8 Qxe8 30. Qxe8+ Kb7 31. Qe4+ Nd5 32. c4 Rag8 33.
cxd5 Rc8 34. d6+ Kb6 35. d5 Rc5 36. Rd1 Re5 37. Qb4+ Rb5 38. Qd4+ Kb7 39. Qc4
Rxb2 40. Qc6+ Kb8 41. Qc7+ Ka8 42. d7 Rb8 43. Qc6+ 1-0

[Event "Sparkassen-Open B"]
[Site "Heusenstamm, Martinsee"]
[Date "2021.11.21"]
[Round "7.36"]
[White "Rotärmel, Leonie"]
[Black "John, Volkmar"]
[Result "1/2-1/2"]
[WhiteElo "1389"]
[BlackElo "1693"]
[PlyCount "73"]
[EventDate "2021.??.??"]
[WhiteTeam "SV Oberursel"]
[BlackTeam "SK Herborn"]

1. e4 c5 2. Nf3 e6 3. d4 cxd4 4. Nxd4 Nc6 5. Nc3 Qc7 6. Be2 a6 7. Be3 Nf6 8. a3
Be7 9. O-O O-O 10. f4 d6 11. Kh1 Nxd4 12. Bxd4 e5 13. Be3 Be6 14. f5 Bc4 15.
Bxc4 Qxc4 16. Bg5 Rad8 17. Bxf6 Bxf6 18. Rf3 d5 19. exd5 e4 20. Rh3 Bxc3 21.
Rxc3 Qxd5 22. Qxd5 Rxd5 23. g4 Rd2 24. Re1 Rd4 25. Rc7 f6 26. Rxb7 Re8 27. Rc7
e3 28. h3 e2 29. Kg2 Re3 30. Rc8+ Kf7 31. Rc7+ Kf8 32. Kf2 Rxh3 33. Rxe2 Rh2+
34. Ke3 Rxe2+ 35. Kxe2 Rxg4 36. Rc8+ Kf7 37. Rc7+ 1/2-1/2

[Event "Sparkassen-Open B"]
[Site "Heusenstamm, Martinsee"]
[Date "2021.11.21"]
[Round "7.37"]
[White "Klein, Simon"]
[Black "Köberl, Christiane"]
[Result "0-1"]
[WhiteElo "1379"]
[BlackElo "1680"]
[PlyCount "82"]
[EventDate "2021.??.??"]
[WhiteTeam "SK Hungen"]
[BlackTeam "VL Sulzbach"]

1. d4 e6 2. Nf3 Nf6 3. Bf4 c5 4. c3 Nc6 5. e3 Be7 6. Nbd2 cxd4 7. cxd4 d5 8.
Bd3 Nh5 9. Bg3 Nxg3 10. hxg3 Bd7 11. Qc2 Nb4 12. Qb3 h6 13. Bb1 Rc8 14. O-O Qa5
15. a3 Bb5 16. Re1 g5 17. Ne5 Nc6 18. Bd3 Ba6 19. Bxa6 Qxa6 20. f4 Nxe5 21.
dxe5 O-O 22. Rac1 Bc5 23. Kf2 g4 24. Rh1 Kg7 25. Rh4 Bxe3+ 26. Qxe3 Rxc1 27.
Rxg4+ Kh7 28. Rh4 Qb6 29. Qxb6 axb6 30. b3 Rfc8 31. f5 R1c2 32. Ke2 R8c3 33. g4
Rxb3 34. g5 Rbb2 35. Rxh6+ Kg7 36. f6+ Kg8 37. g6 Rxd2+ 38. Kf3 Rb3+ 39. Kf4
Rf2+ 40. Kg5 Rxg2+ 41. Kh5 Rh3# 0-1

[Event "Sparkassen-Open B"]
[Site "Heusenstamm, Martinsee"]
[Date "2021.11.21"]
[Round "7.38"]
[White "Boll, Nils"]
[Black "Gude, Michael"]
[Result "1-0"]
[WhiteElo "1406"]
[BlackElo "1643"]
[PlyCount "101"]
[EventDate "2021.??.??"]
[WhiteTeam "SV Großauheim"]
[BlackTeam "Frankfurter TV"]

1. e4 e6 2. d4 d5 3. e5 c5 4. c3 Qb6 5. Nf3 Nc6 6. Be2 Nge7 7. Na3 cxd4 8. cxd4
Nf5 9. Nc2 Bd7 10. O-O Be7 11. b3 O-O 12. Bb2 a5 13. Ne3 Nxe3 14. fxe3 Rfc8 15.
Qe1 Nb4 16. Qf2 Be8 17. Ne1 Rc7 18. Bh5 g6 19. Bd1 Rac8 20. h4 Bf8 21. h5 Bb5
22. Be2 Bxe2 23. Qxe2 a4 24. bxa4 Nc2 25. Rb1 Bh6 26. Nxc2 Rxc2 27. Qf3 f5 28.
Ba3 Qa6 29. hxg6 hxg6 30. Qg3 Kf7 31. Bc5 Rc7 32. Qh3 Qe2 33. Rbe1 Qh5 34. Qxh5
gxh5 35. a3 Rc4 36. a5 Rc3 37. Kf2 Bf8 38. Bb6 Rc8 39. Rh1 Kg6 40. Rb1 Bh6 41.
Rh3 Rxa3 42. Bc5 Ra2+ 43. Kf3 Rc7 44. Rb6 Bg7 45. Rxe6+ Kf7 46. Rd6 Bxe5 47.
Rxd5 Bf6 48. Rxf5 Ke6 49. Rhxh5 Ra1 50. d5+ Kf7 51. Rh7+ 1-0

[Event "Sparkassen-Open B"]
[Site "Heusenstamm, Martinsee"]
[Date "2021.11.21"]
[Round "7.39"]
[White "Schmidt, Moritz"]
[Black "Pu, Tim Yu"]
[Result "0-1"]
[WhiteElo "1425"]
[BlackElo "1620"]
[PlyCount "58"]
[EventDate "2021.??.??"]
[WhiteTeam "SVG Plettenberg"]
[BlackTeam "SV Großauheim"]

1. e4 e5 2. Nf3 Nf6 3. Nxe5 Qe7 4. d4 d6 5. Nf3 Qxe4+ 6. Be3 Be7 7. Nc3 Qg6 8.
Nh4 Qh5 9. Qxh5 Nxh5 10. Nd5 Bd8 11. Bc4 c6 12. Nf4 Nxf4 13. Bxf4 Bxh4 14. Bxd6
Bf6 15. O-O-O Be6 16. Rhe1 Kd7 17. d5 Bf5 18. dxc6+ Nxc6 19. Be5+ Kc8 20. Bxf6
gxf6 21. Bxf7 Rf8 22. b3 Kc7 23. Be6 Bxe6 24. Rxe6 Rae8 25. Rde1 Kd7 26. Rxe8
Rxe8 27. Rd1+ Kc7 28. Rd2 Ne5 29. Re2 Nd3+ 0-1

[Event "Sparkassen-Open B"]
[Site "Heusenstamm, Martinsee"]
[Date "2021.11.21"]
[Round "7.40"]
[White "Traut, Stefan"]
[Black "Kuran, Rainer"]
[Result "1/2-1/2"]
[WhiteElo "1589"]
[BlackElo "1461"]
[PlyCount "42"]
[EventDate "2021.??.??"]
[WhiteTeam "SF Heusenstamm"]
[BlackTeam "Karlsruher SF"]

1. d4 Nf6 2. Nf3 e6 3. c4 d5 4. g3 Bb4+ 5. Bd2 Be7 6. Qc2 c6 7. Bg2 Nbd7 8. O-O
O-O 9. Nc3 b6 10. b3 Ba6 11. Nb1 Ne4 12. Be3 Nd6 13. Nbd2 Nf5 14. Rad1 Nxe3 15.
fxe3 f5 16. Ne1 Nf6 17. Nd3 Ng4 18. Rf3 Bg5 19. Nf1 Qd6 20. h3 Nf6 21. Ne5 Ne4
1/2-1/2

[Event "Sparkassen-Open B"]
[Site "Heusenstamm, Martinsee"]
[Date "2021.11.21"]
[Round "7.41"]
[White "Fischer, Juliane"]
[Black "Brunner, Andreas"]
[Result "1-0"]
[WhiteElo "1515"]
[BlackElo "1435"]
[PlyCount "109"]
[EventDate "2021.??.??"]
[WhiteTeam "SK Gernsheim"]
[BlackTeam "Berkershm"]

1. e4 e6 2. d4 d5 3. Bd3 c5 4. exd5 exd5 5. Nf3 Nf6 6. h3 Be7 7. O-O O-O 8.
dxc5 Bxc5 9. Nbd2 Nc6 10. Nb3 Bb6 11. c3 Re8 12. Bg5 h6 13. Bh4 g5 14. Bg3 Ne4
15. Nfd4 Qf6 16. Bxe4 Rxe4 17. Nf3 Be6 18. Nbd2 Rf4 19. Bxf4 Qxf4 20. Nb3 g4
21. hxg4 Bxg4 22. Qd2 Qg3 23. Nbd4 Qd6 24. Qd3 Qf6 25. Nh2 Bh5 26. Qf5 Qg5 27.
Qxg5+ hxg5 28. Nhf3 g4 29. Nxc6 gxf3 30. Nd4 Kh7 31. Nxf3 Bxf3 32. gxf3 Rg8+
33. Kh1 Rg6 34. Rg1 Rh6+ 35. Kg2 Rg6+ 36. Kf1 Rf6 37. Rg3 Rh6 38. Kg2 d4 39.
cxd4 Bxd4 40. Rb1 Bf6 41. b3 Be5 42. Rh3 Kg6 43. Rxh6+ Kxh6 44. Re1 f6 45. Kh3
Kg5 46. Re4 Kf5 47. Ra4 Bb8 48. Rc4 Bd6 49. Rd4 Ke5 50. Rxd6 Kxd6 51. Kg4 Ke6
52. f4 f5+ 53. Kg5 a5 54. a4 b6 55. Kg6 1-0

[Event "Sparkassen-Open B"]
[Site "Heusenstamm, Martinsee"]
[Date "2021.11.21"]
[Round "7.42"]
[White "Kuchta, Maksim"]
[Black "Müftahi, Tunay"]
[Result "1-0"]
[WhiteElo "1490"]
[BlackElo "1286"]
[PlyCount "65"]
[EventDate "2021.??.??"]
[WhiteTeam "SC Heusenstamm"]
[BlackTeam "SK Gründau"]

1. e4 c5 2. Nf3 Nc6 3. d4 cxd4 4. Nxd4 g6 5. Nc3 Bg7 6. Be3 Nf6 7. Be2 b6 8.
Nxc6 dxc6 9. Qxd8+ Kxd8 10. O-O-O+ Bd7 11. Ba6 e6 12. Bb7 Rb8 13. Bxc6 Ke7 14.
Bxd7 Nxd7 15. Bf4 Ra8 16. Rd2 a5 17. Rhd1 Rhd8 18. Bc7 Rdc8 19. Rxd7+ Kf6 20.
Bxb6 Rab8 21. Bd4+ e5 22. Be3 Bf8 23. Ba7 Rb4 24. Nd5+ Kg7 25. Nxb4 Bxb4 26. a3
Bc5 27. Bxc5 Rxc5 28. Ra7 h5 29. Rdd7 Kh6 30. h4 Rc8 31. Rxf7 Rh8 32. f3 a4 33.
g3 1-0

[Event "Sparkassen-Open B"]
[Site "Heusenstamm, Martinsee"]
[Date "2021.11.21"]
[Round "7.43"]
[White "Tobias, Karolin"]
[Black "Leichum, Engelbert"]
[Result "0-1"]
[WhiteElo "1321"]
[BlackElo "1603"]
[PlyCount "82"]
[EventDate "2021.??.??"]
[WhiteTeam "SV Oberursel"]
[BlackTeam "VL Frankfurt"]

1. e4 d5 2. exd5 Nf6 3. Nc3 c6 4. Nf3 cxd5 5. d4 Nc6 6. Bb5 a6 7. Ba4 b5 8. Bb3
e6 9. a4 b4 10. Ne2 Bd6 11. O-O h6 12. c3 O-O 13. c4 Ne7 14. c5 Bc7 15. Bc2 a5
16. Bd2 Ne4 17. Be3 Ng6 18. Nd2 f5 19. Nxe4 fxe4 20. Ng3 Ba6 21. Re1 Qe7 22. f3
Qh4 23. fxe4 Bxg3 24. hxg3 Qxg3 25. exd5 Nh4 26. Be4 Rf1+ 27. Rxf1 Qxe3+ 28.
Rf2 Qxe4 29. b3 exd5 30. Qd2 Qg6 31. Qf4 Qh5 32. Re1 Bd3 33. g4 Qg6 34. Qg3 Nf5
35. Qxd3 Qxg4+ 36. Rg2 Qh4 37. Re5 Nxd4 38. Rxd5 Re8 39. Rf2 Re1+ 40. Rf1 Qg4+
41. Kh2 Re2+ 0-1

[Event "Sparkassen-Open B"]
[Site "Heusenstamm, Martinsee"]
[Date "2021.11.21"]
[Round "7.44"]
[White "Gärtner, David"]
[Black "Wolff, Calvin"]
[Result "1/2-1/2"]
[WhiteElo "1185"]
[BlackElo "1425"]
[PlyCount "108"]
[EventDate "2021.??.??"]
[WhiteTeam "SF Mainz"]
[BlackTeam "Heilbronner SV"]

1. d4 Nf6 2. Bf4 g6 3. c4 Bg7 4. Nf3 O-O 5. Nc3 d5 6. e3 e6 7. Qb3 Nc6 8. Bg5
Na5 9. Qb4 Nxc4 10. Bxc4 dxc4 11. Qxc4 b6 12. Bf4 Ne8 13. Nb5 Nd6 14. Nxd6 cxd6
15. Qc6 Ba6 16. Qxd6 Qxd6 17. Bxd6 Rfc8 18. Kd2 Rc6 19. Bf4 f6 20. h3 e5 21.
Bh2 Kf7 22. Rac1 Rac8 23. Rxc6 Rxc6 24. dxe5 fxe5 25. Nxe5+ Bxe5 26. Bxe5 Bb7
27. f3 Rc5 28. Bd4 Rg5 29. Rg1 Bxf3 30. g4 Be4 31. b4 h5 32. Rf1+ Ke8 33. Bf6
Rd5+ 34. Bd4 hxg4 35. hxg4 Ke7 36. Rc1 Rd7 37. Ke2 Ke6 38. a4 Rf7 39. a5 bxa5
40. bxa5 Bf3+ 41. Kd3 Bxg4 42. Rc6+ Kd5 43. Ra6 Bf5+ 44. Kc3 Re7 45. Kb3 Rb7+
46. Kc3 Rc7+ 47. Kb2 Kc4 48. Rxa7 Rxa7 49. Bxa7 Kb5 50. Bb6 g5 51. Kc3 g4 52.
Kd2 g3 53. Ke1 g2 54. Kf2 Be4 1/2-1/2

[Event "Sparkassen-Open B"]
[Site "Heusenstamm, Martinsee"]
[Date "2021.11.21"]
[Round "7.45"]
[White "Kanno, Clara Yumi"]
[Black "Barth, Horst"]
[Result "1-0"]
[WhiteElo "1178"]
[BlackElo "1320"]
[PlyCount "113"]
[EventDate "2021.??.??"]
[WhiteTeam "SK Altenkirchen"]
[BlackTeam "SF Mainz"]

1. e4 c5 2. Nf3 d6 3. d4 cxd4 4. Nxd4 e5 5. Nb3 Nf6 6. Nc3 Be7 7. Be2 O-O 8.
O-O Nc6 9. Bg5 h6 10. Bh4 Be6 11. Qd2 Nxe4 12. Bxe7 Nxd2 13. Bxd8 Nxf1 14. Bc7
Bxb3 15. axb3 Nd2 16. f3 Rfc8 17. Nd5 Re8 18. Rd1 e4 19. Rxd2 exf3 20. Bxf3
Re1+ 21. Kf2 Rae8 22. Re2 R1xe2+ 23. Bxe2 Nd4 24. Bd3 Re5 25. Nc3 Re6 26. Nb5
Rf6+ 27. Kg1 Nf5 28. Nxa7 d5 29. Nb5 Nh4 30. Bd8 Nf3+ 31. gxf3 Rxf3 32. Bb6 Rf6
33. Bd4 Ra6 34. Nc3 Rd6 35. Kg2 Rd8 36. Nd1 Rd6 37. Ne3 g6 38. Ng4 f5 39. Nf6+
Kf7 40. Kf3 Rxf6 41. Bxf6 Kxf6 42. Bb5 Ke5 43. h3 g5 44. Bd7 h5 45. Be8 g4+ 46.
hxg4 hxg4+ 47. Kg3 Ke4 48. Bd7 d4 49. Bb5 f4+ 50. Kxg4 f3 51. Bd3+ Ke3 52. Kg3
b6 53. b4 f2 54. Kg2 Kf4 55. Kxf2 Ke5 56. Kf3 Kd6 57. Ke4 1-0

[Event "Sparkassen-Open B"]
[Site "Heusenstamm, Martinsee"]
[Date "2021.11.21"]
[Round "7.46"]
[White "Stosberg, David"]
[Black "Jansen, Malte"]
[Result "1-0"]
[WhiteElo "1086"]
[BlackElo "1427"]
[PlyCount "105"]
[EventDate "2021.??.??"]
[WhiteTeam "Sfr. Mörfelden"]
[BlackTeam "SC Herborn"]

1. e4 e5 2. Nf3 Nc6 3. d4 exd4 4. Nxd4 Nxd4 5. Qxd4 d6 6. Bd3 Be6 7. O-O Nf6 8.
Bg5 Be7 9. Nd2 O-O 10. f4 h6 11. Bh4 Ng4 12. Bxe7 Qxe7 13. h3 Nf6 14. Rf3 Rfe8
15. Re1 c5 16. Qe3 Bd7 17. c3 Bc6 18. Re2 d5 19. exd5 Qxe3+ 20. Rfxe3 Rxe3 21.
Rxe3 Nxd5 22. Rf3 Nxc3 23. bxc3 Bxf3 24. Nxf3 Rd8 25. Bc2 f6 26. Kf2 Kf7 27.
Ke2 Ke6 28. c4 Rd6 29. Ke3 Rb6 30. Bb3 a5 31. Ke4 a4 32. f5+ Kd6 33. Bxa4 Rb2
34. Nh4 Rxa2 35. Bb5 b6 36. Kf4 Ra7 37. Kg4 Ke5 38. Ng6+ Ke4 39. Nf4 Ke3 40.
Nd5+ Kf2 41. Nxb6 Kxg2 42. h4 Ra3 43. h5 Rg3+ 44. Kf4 Kh3 45. Ke4 Rg5 46. Be8
Kg4 47. Bg6 Rxg6 48. hxg6 h5 49. Nd7 Kg5 50. Nxc5 h4 51. Nd3 h3 52. Nf2 h2 53.
c5 1-0

[Event "Sparkassen-Open B"]
[Site "Heusenstamm, Martinsee"]
[Date "2021.11.21"]
[Round "7.47"]
[White "Niesel, Markus"]
[Black "Gärtner, Johannes"]
[Result "0-1"]
[WhiteElo "891"]
[BlackElo "1354"]
[PlyCount "67"]
[EventDate "2021.??.??"]
[WhiteTeam "SV Ffm-Griesheim"]
[BlackTeam "SF Mainz"]

1. e4 e6 2. d4 d5 3. exd5 exd5 4. Bd3 Bd6 5. Nf3 Nf6 6. O-O O-O 7. Bg5 h6 8.
Bh4 Bg4 9. Nbd2 Nbd7 10. c3 c6 11. Qc2 Re8 12. Ne1 Qc7 13. Bg3 Nh5 14. Bxd6
Qxd6 15. c4 Nf4 16. c5 Qf6 17. Ndf3 Nxd3 18. Qxd3 Rab8 19. Nc2 Bf5 20. Qb3 Re4
21. Ne3 Be6 22. Rad1 g5 23. Rd3 Nf8 24. Ne5 Qd8 25. f3 Rf4 26. g3 Rf6 27. f4
gxf4 28. gxf4 Nd7 29. f5 Nxe5 30. dxe5 d4 31. Qd1 Bxf5 32. Rxd4 Rg6+ 33. Kh1
Qg5 34. Nxf5 0-1

[Event "Sparkassen-Open B"]
[Site "Heusenstamm, Martinsee"]
[Date "2021.11.21"]
[Round "7.48"]
[White "Papadopoulos, Leon"]
[Black "Merz, Leander"]
[Result "0-1"]
[WhiteElo "1337"]
[BlackElo "1268"]
[PlyCount "78"]
[EventDate "2021.??.??"]
[WhiteTeam "SV Oberursel"]
[BlackTeam "Schachforum Darmstadt"]

1. e4 c5 2. Nf3 d6 3. d4 cxd4 4. Nxd4 Nf6 5. Nc3 g6 6. Be3 Bg7 7. f3 e5 8. Nb3
Be6 9. Qd2 Nfd7 10. Qxd6 Nc6 11. Qd2 O-O 12. O-O-O Nb6 13. Qf2 Qc7 14. h4 h5
15. g4 hxg4 16. h5 gxf3 17. Qxf3 Nb4 18. h6 Na4 19. Bd2 Rfc8 20. Kb1 Bf8 21.
Qf6 Kh7 22. Be2 Nb6 23. Rdg1 Qe7 24. Qf2 Rd8 25. Bg5 f6 26. Bxf6 Qf7 27. Qh4
Rd6 28. Bxe5 Bxb3 29. axb3 Rd2 30. Qg4 Rad8 31. Bd3 Nxd3 32. cxd3 R8xd3 33. Nd5
Nxd5 34. exd5 Rxd5 35. Rf1 Qe8 36. Rhg1 Rxe5 37. Rxf8 Qxf8 38. Qxg6+ Kh8 39. h7
Qf5+ 0-1

[Event "Sparkassen-Open B"]
[Site "Heusenstamm, Martinsee"]
[Date "2021.11.21"]
[Round "7.49"]
[White "Matsoukas, Konstantinos"]
[Black "Meuer, Stephan"]
[Result "1-0"]
[WhiteElo "1148"]
[BlackElo "1182"]
[PlyCount "74"]
[EventDate "2021.??.??"]
[WhiteTeam "Frankfurter TV"]
[BlackTeam "SV Lahnstein"]

1. e4 e5 2. Nf3 Nc6 3. d4 exd4 4. Nxd4 h6 5. Bc4 Qf6 6. Be3 Bc5 7. c3 Nge7 8.
O-O O-O 9. Nb5 Bb6 10. Bxb6 cxb6 11. Nd6 a6 12. Re1 Ng6 13. Na3 b5 14. Bd5 Rb8
15. Nc2 Kh8 16. Bb3 b6 17. Qd5 Nf4 18. Nxf7+ Kh7 19. Qf5+ Qxf5 20. exf5 Na5 21.
Nd6 Bb7 22. Nxb7 Rxb7 23. Nd4 Nd3 24. Re2 Nc4 25. a4 Nd6 26. axb5 Nxb5 27. Rd2
Nxd4 28. cxd4 Nb4 29. g4 a5 30. Re1 Rc8 31. Re7 b5 32. f6 Rbb8 33. Rxd7 a4 34.
Rxg7+ Kh8 35. Be6 Re8 36. Bf5 Nd5 37. Rh7+ Kg8 1-0